| 000 | 00371nam a2200133Ia 4500 | ||
|---|---|---|---|
| 008 | 171212s9999 xx 000 0 und d | ||
| 020 | _a9781910634684 | ||
| 100 | _aMcDonald, Tom | ||
| 245 |
_cMcDonald, Tom _aSocial Media in Rural China |
||
| 260 |
_bUCL Press _c2016 |
||
| 440 | _aWhy We Post | ||
| 650 | _aAnthropology | ||
| 856 | _uhttp://jstor.org/stable/j.ctt1g69xx3 | ||
| 999 |
_c352886 _d352886 |
||